Pembelajaran muzik (Record no. 11481)

MARC details
000 -LEADER
fixed length control field 00749nam a2200265 i 4500
001 - CONTROL NUMBER
control field C2-0075845
003 - CONTROL NUMBER IDENTIFIER
control field PPAK
005 - DATE AND TIME OF LATEST TRANSACTION
control field 20180727081807.0
008 - FIXED-LENGTH DATA ELEMENTS--GENERAL INFORMATION
fixed length control field 970429s1989 my a|||| ||||| | may d
020 ## - INTERNATIONAL STANDARD BOOK NUMBER
International Standard Book Number 967976317X
040 ## - CATALOGING SOURCE
Original cataloging agency PPAK
Language of cataloging eng
Transcribing agency PPAK
Description conventions rda
082 04 - DEWEY DECIMAL CLASSIFICATION NUMBER
Classification number 780.7
Edition number 23
090 00 - LOCALLY ASSIGNED LC-TYPE CALL NUMBER (OCLC); LOCAL CALL NUMBER (RLIN)
Classification number (OCLC) (R) ; Classification number, CALL (RLIN) (NR) 780.7
Feature heading LIN
Feature heading G
100 1# - MAIN ENTRY--PERSONAL NAME
Personal name Ling, Caroline,
Relator term author
245 10 - TITLE STATEMENT
Title Pembelajaran muzik
264 #1 - PRODUCTION, PUBLICATION, DISTRIBUTION, MANUFACTURE, AND COPYRIGHT NOTICE
Place of production, publication, distribution, manufacture Petaling Jaya, Selangor :
Name of producer, publisher, distributor, manufacturer Longman Malaysia ,
Date of production, publication, distribution, manufacture, or copyright notice 1989
300 ## - PHYSICAL DESCRIPTION
Extent 95 pages :
Other physical details illustrations ;
Dimensions 23 cm
336 ## - CONTENT TYPE
Source rdacontent
Content type term text
337 ## - MEDIA TYPE
Source rdamedia
Media type term unmediated
338 ## - CARRIER TYPE
Source rdacarrier
Carrier type term volume
490 1# - SERIES STATEMENT
Series statement Siri pendidikan Longman
650 10 - SUBJECT ADDED ENTRY--TOPICAL TERM
Topical term or geographic name entry element Music - Instruction and study
830 #0 - SERIES ADDED ENTRY--UNIFORM TITLE
Uniform title Siri pendidikan Longman
942 ## - ADDED ENTRY ELEMENTS (KOHA)
-- dc
Koha item type Book
Holdings
Withdrawn Not for loan Current library Shelving location Date acquired Full call number Barcode Date last seen Koha item type
    Perpustakaan Alor Setar Pinjaman Dewasa 30/07/1997 780.7 LIN A00041932 08/05/2018 Book
    Perpustakaan Awam Sungai Petani Pinjaman Dewasa 24/03/2001 780.7 LIN A00310865 08/05/2018 Book
    Perpustakaan Jitra Pinjaman Dewasa 03/01/1998 780.7 LIN A00095921 08/05/2018 Book
    Perpustakaan Kulim Pinjaman Dewasa 03/01/1998 780.7 LIN A00095923 08/05/2018 Book